000 00999 a2200181 4500
003 Nust
005 20221014102457.0
040 _cNust
082 _a610,BYR
100 _aByrd, Oliver E.
_9100269
245 _aHealth :
_btoday and tomorrow /
_cOliver E. Byrd, Elizabeth A. Neilson
250 _a3rd edition
260 _aUSA
_bLaidlaw Brothers
_c1970
300 _a431 p.
505 _aYour Appearance and you (Page-11), Your Personality and Mental Health (Page-61), Systems The Function with in your Body (Page-95), Your Body in Action (Page-127), Your Need for Food (Page-155), Protecting your Health (Page-181), Our Battle with Diseases (Page-203), Common Diseases and Disorders (Page-231), New Ways to Protect Your Health (Page-263), Health Fads and Fallacies (Page-287), Health Services That Protect you (Page-307), Planning for Safer Living (Page-329), First Aid and Some Common Emergencies (Page-357), Your Plans for the Future (Page-385).
650 _aHealth
_93553
942 _2ddc
_cBK
999 _c194231
_d194231